| 000 -CABECERA |
| Longitud fija campo de control |
00807nam a2200205 a 4500 |
| 001 - NÚMERO DE CONTROL |
| Número de control |
5710 |
| 003 - IDENTIFICADOR DEL NÚMERO DE CONTROL |
| Identificador del número de control |
CDMR |
| 005 - FECHA Y HORA DE LA ÚLTIMA TRANSACCIÓN |
| Fecha y hora de la última transacción |
20211202134032.0 |
| 008 - CÓDIGOS DE INFORMACIÓN DE LONGITUD FIJA |
| Códigos de información de longitud fija |
130130s ||||||||||||||||||||||||||||d |
| 040 ## - FUENTE DE LA CATALOGACIÓN |
| Centro catalogador de origen |
CDMR |
| Lengua de catalogación |
cat |
| Centro transcriptor |
CPC LLEIDA |
| 110 ## - PUNTO DE ACCESO PRINCIPAL-NOMBRE DE ENTIDAD CORPORATIVA |
| 9 (RLIN) |
46 |
| Nombre de entidad corporativa o nombre de jurisdicción como elemento inicial |
Associació Catalana d'Informadors de l'Administració Local |
| 245 10 - MENCIÓN DE TÍTULO |
| Título |
15 anys de l'ACIAL (1981-1996) |
| Mención de responsabilidad, etc. |
/ [textos: Ignasi Vidal i Sanfeliu] |
| 260 ## - PUBLICACIÓN, DISTRIBUCIÓN, ETC. (PIE DE IMPRENTA) |
| Lugar de publicación, distribución, etc. |
Barcelona: |
| Nombre del editor, distribuidor, etc. |
Associació Catalana d'Informadors de l'Administració Local, |
| Fecha de publicación, distribución, etc. |
[1996] |
| 300 ## - DESCRIPCIÓN FÍSICA |
| Extensión |
107 pàgines; |
| Dimensiones |
20 cm |
| 610 20 - PUNTO DE ACCESO ADICIONAL DE MATERIA - NOMBRE DE ENTIDAD CORPORATIVA |
| 9 (RLIN) |
46 |
| Nombre de entidad corporativa o nombre de jurisdicción como elemento inicial |
Associació Catalana d'Informadors de l'Administració Local |
| 650 #0 - PUNTO DE ACCESO ADICIONAL DE MATERIA - TÉRMINO DE MATERIA |
| 9 (RLIN) |
3870 |
| Término de materia o nombre geográfico como elemento inicial |
Comunicació en l'administració |
| Subdivisión geográfica |
Catalunya |
| 700 ## - PUNTO DE ACCESO ADICIONAL - NOMBRE DE PERSONA |
| Nombre de persona |
Vidal Sanfeliu, Ignasi |
| 9 (RLIN) |
4754 |
| 710 2# - PUNTO DE ACCESO ADICIONAL - NOMBRE DE ENTIDAD |
| Nombre de entidad o nombre de jurisdicción como elemento inicial |
Associació Catalana d'Informadors de l'Administració Local |
| 9 (RLIN) |
46 |
| 942 ## - ENTRADA DE ELEMENTOS AGREGADOS (KOHA) |
| Koha [por defecto] tipo de item |
Monografies |
| Fuente de clasificaión o esquema |
|